书目信息 |
| 题名: |
建筑装饰预算
|
|
| 作者: | 马丽华 主编 | |
| 分册: | ||
| 出版信息: | 北京 中国电力出版社 2008.04 |
|
| 页数: | 174页 | |
| 开本: | 24cm | |
| 丛书名: | 建筑装饰技术问答系列丛书 | |
| 单 册: | ||
| 中图分类: | TU723.3-44 | |
| 科图分类: | ||
| 主题词: | 建筑装饰--jian zhu zhuang shi--建筑预算定额--问答 | |
| 电子资源: | ||
| ISBN: | 978-7-5083-6874-0 | |
| 000 | 01069nam 2200265 450 | |
| 001 | 012008527039 | |
| 005 | 20080517155606.24 | |
| 010 | @a978-7-5083-6874-0@dCNY25.00 | |
| 100 | @a20080517d2008 em y0chiy0120 ea | |
| 101 | 0 | @achi |
| 102 | @aCN@b110000 | |
| 105 | @ak a 000yy | |
| 106 | @ar | |
| 200 | 1 | @a建筑装饰预算@Ajian zhu zhuang shi yu suan@f马丽华主编@Fma li hua zhu bian |
| 210 | @a北京@c中国电力出版社@d2008.04 | |
| 215 | @a174页@d24cm | |
| 225 | 2 | @a建筑装饰技术问答系列丛书@Ajian zhu zhuang shi ji shu wen da xi lie cong shu |
| 320 | @a有书目 | |
| 330 | @a全书以问答的形式编成,面向建筑装饰工程造价人员,旨在为工程造价人员实际工作中经常遇到的装饰工程预算问题提供帮助,实用性强,便于掌握。对建筑装饰工程造价中常见的问题做了分门别类的归纳和整合,覆盖面广。本书对问题的解答简明易懂,要点清楚。 | |
| 410 | 0 | @12001 @a建筑装饰技术问答系列丛书 |
| 606 | 0 | @a建筑装饰@Ajian zhu zhuang shi@x建筑预算定额@j问答 |
| 690 | @aTU723.3-44@v4 | |
| 701 | 0 | @a马丽华@Ama li hua@4主编 |
| 801 | 0 | @aCN@bQSSK@c20080517 |
| 905 | @b713002-04@dTU723.3-44@eM093@f3 | |
| 建筑装饰预算/马丽华主编.-北京:中国电力出版社,2008.04 |
| 174页;24cm.-(建筑装饰技术问答系列丛书) |
| ISBN 978-7-5083-6874-0:CNY25.00 |
| 全书以问答的形式编成,面向建筑装饰工程造价人员,旨在为工程造价人员实际工作中经常遇到的装饰工程预算问题提供帮助,实用性强,便于掌握。对建筑装饰工程造价中常见的问题做了分门别类的归纳和整合,覆盖面广。本书对问题的解答简明易懂,要点清楚。 |
| ● |
| 相关链接 |
|
|
|
正题名:建筑装饰预算
索取号:TU723.3-44/M093
 
预约/预借
| 序号 | 登录号 | 条形码 | 馆藏地/架位号 | 状态 | 备注 |
| 1 | 713002 | 207130022 | 建筑库201/201建筑库 105排6列5层/ [索取号:TU723.3-44/M093] | 在馆 | |
| 2 | 713003 | 207130031 | 建筑库201/201建筑库 105排6列5层/ [索取号:TU723.3-44/M093] | 在馆 | |
| 3 | 713004 | 207130040 | 建筑库201/201建筑库 105排6列5层/ [索取号:TU723.3-44/M093] | 在馆 |